Colombianos con más goles en River Plate - Estadísticas

Estadísticas generales
  • Esta prueba ha sido intentada 186 veces
  • La puntuación promedio es 7 de 12
Estadísticas de respuestas
Goles Jugadores % Correcto
23 Juan Fernando Quintero
88%
62 Miguel Borja
87%
45 Radamel Falcao
87%
55 Rafael Santos Borré
82%
62 Juan Pablo Ángel
75%
28 Teófilo Gutiérrez
75%
9 Jorge Carrascal
53%
3 Eder Álvarez Balanta
50%
8 Carlos Carbonero
48%
9 Mario Yepes
41%
5 Jairo Patiño
20%
1 Juan Carlos Toja
13%
No se encontraron pruebas coincidentes
Distribución de puntuación
Porcentaje de gente con cada puntuación
Porcentaje por número respondido
Historial de tus puntuaciones
No has intentado esta prueba.